Регионална библиотека "Любен Каравелов" - Русе

Съвременни методи за спояване (Запис номер 186555)

MARC детайли
000 -Лидер
Контролно поле с фиксирана дължина 01635nam a2200337 c 4500
003 - Код на организацията, давaща контролен номер
Контролно поле BLK
005 - Дата и час на последна редакция
Контролно поле 20180422115501.0
008 - Елементи от данни с фиксирана дължина
fixed length control field 180411b bul|||||r ||||||| ||bul||
010 ## - Наследен системен номер
LC control number KNG00195550000
040 ## - Източник на каталожния запис
Идентификатор на билиотеката - собственик на записа BLK
041 ## - Код за език
Код за езика на текст/звукозапис или на отделно заглавие Български
Код за езика КДБФ Български
080 ## - УДК
Текстов определител УДК Запояване
УДК код - определител по УДК 621.791.3
УДК определител (035)
УДК - код + определител 621.791.3(035)
100 1# - Редна дума - Автор
Автор Николова, Христина
Авторска отговорност първи автор
R(LIN) 383132
139 ## - Редно поле
Редна дума Николова, Христина и др.
Авторски знак Николова - Н 75
245 10 - Сведения за заглавието
Заглавие Съвременни методи за спояване
Подзаглавни данни [Ръководство]
Редно поле (дума) Христина Николова; съавт. Иванка Танчева; съавт. Давид Алберт Халеба.
250 ## - Област на изданието
Сведения за изданието 2. изд.
257 ## - Страна на издаване
Страна на създаване/издаване България
260 ## - Област на издателските данни
-- София
Име на издателя, разпространителя и проч. Техника
Година на издаване 1981
Печатница Ямбол : Г. Димитров
300 ## - Физическа характеристика
Страници 251 с.
Илюстрации и др. с ил., 1 л. сх.
Размери/Мащаб 20 см
380 ## - Жанр
Жанр Техника
500 ## - Общи забележки
Забележка Авт. Христина Николова Велинова и Иванка Танчева Вълчева известни като Христина Николова и Иванка Танчева. - 1 изд. 1974. - Библиогр. с. 245-246. - 1 590 тир. Предметни рубрики Спояване - Ръковиодства УДК 621.791.3(02)
650 #4 - Допълнително описание по предмет – тема
Основно описание – тема или топоним Запояване
9 (RLIN) 155784
653 ## - Ключова дума – ненормативна
Ключова дума запояване
700 1# - Други автори (авторска отговорност)
Лично име Танчева, Иванка
Автороска отговорност (Описва отношението между автора и произведението) съавт.
9 (RLIN) 344138
700 1# - Други автори (авторска отговорност)
Лично име Халеба, Давид Алберт
Автороска отговорност (Описва отношението между автора и произведението) съавт.
9 (RLIN) 135891
852 ## - Местоположение
Форматна сигнатура Цб 109347
856 4# - Електронен адрес и достъп
Електронен формат pdf - файл
Път до файла /url/
856 4# - Електронен адрес и достъп
Електронен формат pdf - файл
Път до файла /url/
942 ## - АРТИКУЛИ
Вид на библиотечния материал Книги
Скрит в OPAC Не
944 ## - СЪЗДАВАНЕ И РЕДАКЦИЯ на ЗАПИСА
Създаване/Редакция Създаване
Дата на регистрацията/редакция 09.11.2016
Служител, извършил регистрацията/редакцията Елица_Владова
944 ## - СЪЗДАВАНЕ И РЕДАКЦИЯ на ЗАПИСА
Създаване/Редакция Редакция
Дата на регистрацията/редакция 09.11.2016
Служител, извършил регистрацията/редакцията Елица_Владова
999 ## - СИСТЕМНИ КОНТРОЛНИ НОМЕРА
Koha biblionumber 186555
Koha biblioitemnumber 186555
Наличности
Код за отписване Код за изгубен артикул Източник на класификационната схема Код за повреда Коз за рестрикции Код за отдаване Артикулен № Име на библиотеката - собственик Име на библиотеката, в която се намира в момента Статус (Текущо местоположение) Дата на вписване в системата Местоположение - отдел Цена в лева Инвентарен номер Систематично азбучна сигнатура Баркод Номер на екземпляра Цена в евро Служебна бележка Служебен тип на артикула
  Не е изгубен Universal Decimal Classification Не е повреден само за читалня ползва се в читалня 324919 Регионална библиотека "Любен Каравелов" Русе Регионална библиотека "Любен Каравелов" Русе Хранилище 1981-01-01 Хранилище 1.80 330369 Цб 109347 120000330369 1 0.92 N: стар фонд Дата: 01.01.1981 Книги
Изтеглен Не е изгубен Universal Decimal Classification Не е повреден без рестрикции заемане за дома 324920 Регионална библиотека "Любен Каравелов" Русе Регионална библиотека "Любен Каравелов" Русе Заемна - подръчен фонд 1981-01-01 Заемна - подръчен фонд 1.80 330702 П 621.79/Н 75 330702 2 0.92 N: стар фонд Дата: 01.01.1981 Дата инв: 08.02.2018 Бележки инв: П2018 Книги
Изтеглен Не е изгубен Universal Decimal Classification Не е повреден без рестрикции заемане за дома 324921 Регионална библиотека "Любен Каравелов" Русе Регионална библиотека "Любен Каравелов" Русе Заемна - подръчен фонд 1981-01-01 Заемна - подръчен фонд 1.80 330703 П 621.79/Н 75 330703 3 0.92 N: стар фонд Дата: 01.01.1981 Дата инв: 15.02.2018 Бележки инв: П2018 Книги
Vip Innovations Ltd, Rousse, Bulgaria 2025